| 000 | 00516nam a2200181 i 4500 | ||
|---|---|---|---|
| 001 | 45965 | ||
| 003 | ES-MaACL | ||
| 005 | 20230906161315.0 | ||
| 007 | t| | ||
| 008 | 030327s1972 sp ||||1| spa d | ||
| 100 | 1 |
_aCondon, Richard. _940149 |
|
| 245 | 1 | 3 |
_aLa dictadura del crimen / _cRichart Condon ; [traducción J. Piñeiro]. |
| 250 | _a1ª ed. | ||
| 260 |
_aBarcelona, etc. : _bBruguera, _c[1972] |
||
| 300 |
_a446 p. ; _c18 cm. |
||
| 700 | 1 |
_aPiñeiro, Jaime. _992259 |
|
| 852 |
_aES-MaACL _jC-52112 _bR.84236 |
||
| 999 |
_c45965 _d45965 |
||